Presadzovanie strategických záujmov v geopriestore európskej integrácie v období globalizácie svetového hospodárstva zborník príspevkov riešiteľov projektu mladých vedeckých pracovníkov číslo 2316073

Uložené v:
Podrobná bibliografia
Korporativný autor: Ekonomická univerzita v Bratislave. Obchodná fakulta
Ďalší autori: Repášová, Vladimíra
Médium: Kniha
Jazyk:Slovak
Vydavateľské údaje: Bratislava Vydavateľstvo EKONÓM 2011
Predmet:
Tagy: Pridať tag
Žiadne tagy, Buďte prvý, kto otaguje tento záznam!

MARC

LEADER 00000nlm$a2200000$$$4500
001 0145592
005 20240502072626.2
020 |a 978-80-225-3346-1 
041 0 |a slo 
044 |a SK 
245 1 0 |a Presadzovanie strategických záujmov v geopriestore európskej integrácie v období globalizácie svetového hospodárstva  |b zborník príspevkov riešiteľov projektu mladých vedeckých pracovníkov číslo 2316073  |c zborník zostavila Vladimíra Repášová 
264 1 |a Bratislava  |b Vydavateľstvo EKONÓM  |c 2011 
300 |a CD-ROM [52 s.] 
610 2 0 |a stratégia hospodárska 
610 2 0 |a integrácia ekonomická medzinárodná 
610 2 0 |a globalizácia hospodárstva 
610 2 0 |a hospodárstvo svetové 
700 1 |a Repášová, Vladimíra 
710 2 |a Ekonomická univerzita v Bratislave. Obchodná fakulta